Countries by Former Name - Statistics

General Stats
  • This quiz has been taken 33 times
  • The average score is 10 of 15
Answer Stats
Hint Answer % Correct
Ceylon Sri Lanka
93%
Abyssinia Ethiopia
89%
Formosa Taiwan
89%
Southern Rhodesia Zimbabwe
81%
Bechuanaland Botswana
78%
Kirigizia Kyrgyzstan
78%
Upper Volta Burkina Faso
74%
Northern Rhodesia Zambia
70%
Dahomey Benin
63%
Basutoland Lesotho
63%
Cyrenaica Libya
63%
Gilbert Islands Kiribati
59%
New Hebrides Vanuatu
52%
Friendly Islands Tonga
48%
Ellice Islands Tuvalu
48%
No matching quizzes found
Score Distribution
Percent of People with Each Score
Percentile by Number Answered
Your Score History
You have not taken this quiz